Cavemice (Sea Monster Surprise) (Record no. 12309)

MARC details
000 -LEADER
fixed length control field 00266nam a22000977a 4500
008 - FIXED-LENGTH DATA ELEMENTS--GENERAL INFORMATION
fixed length control field 230607b |||||||| |||| 00| 0 eng d
020 ## - INTERNATIONAL STANDARD BOOK NUMBER
International Standard Book Number 9789386041920
100 ## - MAIN ENTRY--PERSONAL NAME
Personal name Stilton Geronimo
9 (RLIN) 7367
245 ## - TITLE STATEMENT
Title Cavemice (Sea Monster Surprise)
260 ## - PUBLICATION, DISTRIBUTION, ETC. (IMPRINT)
Place of publication, distribution, etc. India
Name of publisher, distributor, etc. Repro India
Date of publication, distribution, etc. 2017
Holdings
Withdrawn status Lost status Source of classification or shelving scheme Damaged status Koha normalized classification for sorting Not for loan Home library Current library Shelving location Date acquired Total Checkouts Full call number Barcode Date last seen Date last checked out Price effective from Koha item type
    Dewey Decimal Classification   STI_823_000000000000000   Good Samaritan School Library Good Samaritan School Library FICTION 06/07/2023 7 STI823 STI17479 04/15/2026 04/08/2026 06/07/2023 BOOK

Powered by Koha